MNET PRODUCE 101 series finalists - Statistics

General Stats
  • This quiz has been taken 22 times
    2 since last reset
  • The average score is 19 of 45
Answer Stats
Hint Answer % Correct
IZ*ONE An Yujin
100%
IZ*ONE Choi Yena
100%
IZ*ONE Honda Hitomi
100%
IZ*ONE Jang Wonyoung
100%
I.O.I Jeon Somi
100%
IZ*ONE Jo Yuri
100%
I.O.I Jung Chaeyeon
100%
IZ*ONE Kang Hyewon
100%
IZ*ONE Kim Minju
100%
I.O.I Kim Sejeong
100%
IZ*ONE Kwon Eunbi
100%
IZ*ONE Lee Chaeyeon
100%
IZ*ONE Miyawaki Sakura
100%
IZ*ONE Yabuki Nako
100%
Wanna One Kang Daniel
50%
I.O.I Kang Mina
50%
IZ*ONE Kim Chaewon
50%
I.O.I Kim Chungha
50%
I.O.I Kim Doyeon
50%
I.O.I Lim Nayoung
50%
Wanna One Park Jihoon
50%
I.O.I Yoo Yeonjung
50%
I.O.I Zhou Jieqiong
50%
Wanna One Bae Jinyoung
0%
X1 Cha Junho
0%
I.O.I Choi Yoojung
0%
X1 Cho Seungyoun
0%
X1 Han Seungwoo
0%
Wanna One Ha Sungwoon
0%
Wanna One Hwang Minhyun
0%
X1 Kang Minhee
0%
Wanna One Kim Jaehwan
0%
I.O.I Kim Sohye
0%
X1 Kim Wooseok
0%
X1 Kim Yohan
0%
Wanna One Lai Kuanlin
0%
Wanna One Lee Daehwi
0%
X1 Lee Eunsang
0%
X1 Lee Hangyul
0%
X1 Nam Dohyon
0%
Wanna One Ong Seongwu
0%
Wanna One Park Woojin
0%
X1 Son Dongpyo
0%
X1 Song Hyeongjun
0%
Wanna One Yoon Jisung
0%
No matching quizzes found
Score Distribution
Percent of People with Each Score
Percentile by Number Answered
Your Score History
You have not taken this quiz since the last reset